| 000 | 005680000a22002050004500 | ||
|---|---|---|---|
| 003 | LK-CoMWRAF | ||
| 005 | 20230824104459.0 | ||
| 008 | 230817t1985 ||||| |||| 00| 0 eng d | ||
| 020 | _a0521315379 | ||
| 040 |
_aLK-CoMWRAF _dLK-CoMWRAF _eLK-CoMWRAF |
||
| 041 | _aeng | ||
| 082 |
_a821.008 _bHYD |
||
| 100 | _aHydes, Jack | ||
| 245 |
_aTouched with Fire: _bAn Anthology of Poems |
||
| 260 |
_bThe University of Cambridge _aUnited Kingdom _c1985 |
||
| 300 | _a207 P | ||
| 650 | _aEnglish Literature | ||
| 650 | _aPoetry in English to 1980 Anthologies; | ||
| 942 | _cBK | ||
| 999 |
_c2204 _d2204 |
||